[Event "Accession A 2015/2016"]
[Site "Vitrolles"]
[Date "2016.03.04"]
[Round "7"]
[White "Thiers, Jean-Jacques"]
[Black "Sempe, Pierre"]
[Result "1/2-1/2"]
[WhiteElo "1761"]
[BlackElo "1748"]
[PlyCount "93"]

1. e4 e5 2. Nf3 Nc6 3. Bb5 f5 4. Qe2 d6 5. d3 fxe4 6. dxe4 Nf6 7. Nc3 a6 8. Bc4
Bg4 9. Be3 Qd7 10. h3 Bh5 11. g4 Bg6 12. Bg5 b5 13. Bxf6 bxc4 14. Nd5 Nd4 15.
Nxd4 exd4 16. Qxc4 Rc8 17. Qxd4 Qe6 18. Bh4 Bxe4 19. O-O Qxd5 20. Qa4+ Qc6 21.
Qb3 d5 22. Rae1 Bc5 23. Qc3 O-O 24. Be7 Bxf2+ 25. Rxf2 Qxc3 26. bxc3 Rxf2 27.
Kxf2 Rb8 28. Ke3 Rb2 29. a3 Rxc2 30. Kd4 Kf7 31. Bd8 c5+ 32. Kxc5 Rxc3+ 33. Kb4
Rxh3 34. a4 Ke8 35. Bc7 Kd7 36. Be5 Rh4 37. Bxg7 Rxg4 38. Bd4 h5 39. Rf1 Bg6
40. Kc5 Bd3 41. Rf7+ Ke6 42. Rf6+ Ke7 43. Rh6 h4 44. Kxd5 Rg5+ 45. Be5 Rg4 46.
Bf6+ Kf7 47. Rxh4 1/2-1/2

[Event "Accession A 2015/2016"]
[Site "Vitrolles"]
[Date "2015.03.04"]
[Round "7"]
[White "Kizil, Yilmaz"]
[Black "Scamaroni, Jean-Paul"]
[Result "1-0"]
[WhiteElo "1795"]
[BlackElo "1608"]
[PlyCount "67"]

1. e4 c5 2. Nf3 d6 3. d4 cxd4 4. Nxd4 Nf6 5. Nc3 a6 6. Bd3 e5 7. Nb3 Be7 8. h3
Be6 9. Be3 Nbd7 10. O-O O-O 11. f4 exf4 12. Bxf4 Ne5 13. Be3 Nxd3 14. cxd3 b5
15. a3 Qb8 16. Nd4 Bd7 17. Nf5 Bxf5 18. Rxf5 g6 19. Rf3 Nh5 20. Nd5 Bd8 21. Qb3
Qc8 22. Rc1 Qe6 23. Qc3 f5 24. g4 Nf6 25. Nf4 Qd7 26. gxf5 gxf5 27. Rg3+ Kf7
28. Qb3+ Ke8 29. Kh2 fxe4 30. Rcg1 Qf7 31. Ne6 Rg8 32. Rxg8+ Nxg8 33. Rxg8+ Ke7
34. Rg7 1-0

[Event "Accession A 2015/2016"]
[Site "Vitrolles"]
[Date "2015.03.18"]
[Round "7"]
[White "Nguyen, Patrick"]
[Black "Madranges, Jean"]
[Result "0-1"]
[WhiteElo "1594"]
[BlackElo "1797"]
[PlyCount "104"]

1. e4 d5 2. exd5 Nf6 3. Bb5+ Nbd7 4. Nc3 a6 5. Ba4 b5 6. Bb3 Bb7 7. Nf3 Nc5 8.
Qe2 Nxb3 9. axb3 Nxd5 10. O-O e6 11. d4 h6 12. Rd1 Be7 13. Ne5 O-O 14. Ne4 Nf6
15. Nc5 Qd5 16. Nxb7 Qxb7 17. Rd3 Qe4 18. Qxe4 Nxe4 19. f3 Nf6 20. Nc6 Bd6 21.
c4 Rfe8 22. c5 Bf8 23. b4 Nd5 24. Rda3 e5 25. dxe5 Nxb4 26. Nxb4 Bxc5+ 27. Kf1
Bxb4 28. Rxa6 Rxa6 29. Rxa6 Rxe5 30. Bf4 Rc5 31. Be3 Rc2 32. Ra8+ Kh7 33. Rc8
c5 34. Rb8 Rxb2 35. Rxb5 Rc2 36. Rb7 Kg6 37. Rb6+ f6 38. Rb7 Bd2 39. Bxd2 Rxd2
40. Rc7 Rc2 41. h4 h5 42. g3 Kh6 43. Rc6 Kh7 44. Rc7 f5 45. Kg1 c4 46. Rc5 g6
47. Rc7+ Kg8 48. Kf1 c3 49. f4 Rc1+ 50. Kg2 c2 51. Kh2 Kf8 52. Kg2 Ke8 0-1

[Event "Accession A 2015/2016"]
[Site "Vitrolles"]
[Date "2015.03.04"]
[Round "7"]
[White "Montanelli, Tristan"]
[Black "Mars, Theo"]
[Result "1/2-1/2"]
[WhiteElo "1746"]
[BlackElo "1651"]
[PlyCount "131"]

1. Nc3 d5 2. e4 dxe4 3. f3 e3 4. d4 Bf5 5. Bxe3 Nf6 6. Bc4 c6 7. a3 e6 8. Nge2
Bd6 9. Qd2 Qc7 10. Bf4 O-O 11. Bxd6 Qxd6 12. Ng3 Bg6 13. Nce4 Nxe4 14. Nxe4 Qc7
15. Bd3 Rd8 16. c3 e5 17. dxe5 Qxe5 18. O-O-O Bxe4 19. fxe4 Na6 20. Qe2 Nc5 21.
Bc2 Kf8 22. Rhf1 b6 23. b4 Ne6 24. Qf3 f6 25. Qe3 Qxh2 26. e5 Rxd1+ 27. Kxd1
Qxg2 28. Rf2 Rd8+ 29. Ke2 Qg4+ 30. Kf1 Qc4+ 31. Ke1 Ke7 32. exf6+ gxf6 33. Qf3
Rf8 34. Bxh7 Qd5 35. Be4 Qe5 36. Re2 Ng5 37. Qd3 Rd8 38. Bd5 Rxd5 39. Rxe5+
Rxe5+ 40. Kf1 Ne4 41. Qa6 Kd6 42. Qxa7 b5 43. Qd4+ Kc7 44. Kg2 c5 45. bxc5 Nxc5
46. c4 bxc4 47. Qxc4 Kb6 48. a4 Nb7 49. Qd4+ Ka6 50. Qc4+ Kb6 51. Qf4 Ra5 52.
Qxf6+ Ka7 53. Qd4+ Ka6 54. Qc4+ Ka7 55. Kf2 Ka8 56. Ke2 Ka7 57. Kd2 Ka8 58.
Qc8+ Ka7 59. Qg4 Ka6 60. Kc2 Ka7 61. Qd4+ Ka8 62. Kc3 Kb8 63. Kb4 Ka8 64. Qh8+
Ka7 65. Qc8 Ka6 66. Qa8+ 1/2-1/2

[Event "Accession A 2015/2016"]
[Site "Vitrolles"]
[Date "2016.03.04"]
[Round "7"]
[White "Urcun, Gael"]
[Black "Estevez, Ange"]
[Result "1-0"]
[WhiteElo "1692"]
[BlackElo "1517"]
[PlyCount "56"]

1. e4 d5 2. exd5 Nf6 3. Bb5+ Bd7 4. Bc4 b5 5. Bb3 a5 6. a4 bxa4 7. Bc4 Na6 8.
Nc3 Nb4 9. d3 c6 10. dxc6 Bxc6 11. f3 e5 12. Be3 Bd6 13. Nxa4 Nbd5 14. Bf2 Nf4
15. g3 Ne6 16. c3 O-O 17. h4 Bxa4 18. Qxa4 Qc7 19. Ne2 Rfb8 20. Bxe6 fxe6 21.
Qa2 Kf7 22. O-O Qb7 23. f4 exf4 24. Nd4 Re8 25. Rae1 Qd5 26. c4 Qb7 27. Nb5 Bb4
28. Bd4 Bxe1 1-0

[Event "Accession A 2015/2016"]
[Site "Vitrolles"]
[Date "2016.03.19"]
[Round "8"]
[White "Sempe, Pierre"]
[Black "Urcun, Gael"]
[Result "0-1"]
[WhiteElo "1748"]
[BlackElo "1692"]
[PlyCount "62"]

1. e4 e5 2. Nf3 Nc6 3. Bc4 Bc5 4. c3 Nf6 5. d4 exd4 6. cxd4 Bb4+ 7. Bd2 d5 8.
exd5 Nxd5 9. O-O Bxd2 10. Qxd2 O-O 11. Nc3 Nb6 12. Be2 Bg4 13. Qf4 Bxf3 14.
Bxf3 Qd7 15. Rfd1 Nc4 16. b3 Nd6 17. Rac1 Ne7 18. Bg4 f5 19. Bf3 Ng6 20. Qg3 f4
21. Qg5 Rf5 22. Qg4 Raf8 23. Ne4 c6 24. Rc5 R5f7 25. Qh5 Nxe4 26. Bxe4 Rf6 27.
Rd3 Re8 28. Re5 Qf7 29. Bxg6 Rxg6 30. Rxe8+ Qxe8 31. Rd1 Rxg2+ 0-1

[Event "Accession A 2015/2016"]
[Site "Vitrolles"]
[Date "2016.03.19"]
[Round "8"]
[White "Estevez, Ange"]
[Black "Kizil, Yilmaz"]
[Result "0-1"]
[WhiteElo "1517"]
[BlackElo "1795"]
[PlyCount "58"]

1. e4 e5 2. Nf3 Nc6 3. Bc4 Nf6 4. Ng5 d5 5. exd5 Na5 6. Bb5+ c6 7. dxc6 bxc6 8.
Ba4 h6 9. Nh3 Bc5 10. b4 Bxb4 11. Ba3 Bxa3 12. Nxa3 Qd6 13. Qf3 O-O 14. O-O e4
15. Qg3 Qb4 16. Bxc6 Nxc6 17. Rab1 Qxd2 18. Nc4 Qd5 19. Ne3 Qxa2 20. Qd6 Qe6
21. Qc5 Nd7 22. Qh5 Qg6 23. Qh4 Nde5 24. Kh1 Bxh3 25. Qxh3 Rab8 26. f4 Rxb1 27.
Rxb1 Nd3 28. cxd3 exd3 29. Nc4 Qe4 0-1

[Event "Accession A 2015/2016"]
[Site "Vitrolles"]
[Date "2016.03.19"]
[Round "8"]
[White "Montanelli, Tristan"]
[Black "Nguyen, Patrick"]
[Result "1-0"]
[WhiteElo "1746"]
[BlackElo "1594"]
[PlyCount "101"]

1. f4 d5 2. Nf3 Bf5 3. g3 Nd7 4. b3 e6 5. Bb2 Ngf6 6. Bg2 c6 7. c4 Be7 8. Nc3
Qb6 9. Na4 Qa6 10. cxd5 exd5 11. O-O O-O 12. h3 Rac8 13. d3 b5 14. Nc3 Qb6+ 15.
Kh2 d4 16. Nb1 c5 17. Nh4 Qe6 18. Na3 Nd5 19. Nxf5 Qxf5 20. Be4 Qe6 21. Bxd5
Qxd5 22. Nxb5 Rc6 23. Rf3 Rh6 24. Qg1 Qe6 25. Qg2 Nf6 26. f5 Qe5 27. Kg1 Nd5
28. Bc1 Ne3 29. Bxe3 dxe3 30. Rb1 Ra6 31. a4 Bf6 32. Na3 Qc3 33. Rff1 Bd4 34.
Rfc1 Qb4 35. Nb5 Rb8 36. Rc4 Qd2 37. Nxd4 cxd4 38. Rxd4 h6 39. Qf3 Rxb3 40.
Rxb3 Qd1+ 41. Kg2 Qxb3 42. Qxe3 Qb7+ 43. Qf3 Qb2 44. Qe4 Rf6 45. g4 Qb8 46. Qe7
Qa8+ 47. e4 Qc6 48. Rd8+ Kh7 49. Qf8 Qc2+ 50. Kg3 Qc7+ 51. Kf3 1-0

[Event "Accession A 2015/2016"]
[Site "Vitrolles"]
[Date "2016.03.19"]
[Round "8"]
[White "Mars, Theo"]
[Black "Scamaroni, Jean-Paul"]
[Result "1-0"]
[WhiteElo "1651"]
[BlackElo "1608"]
[PlyCount "77"]

1. c4 g6 2. Nc3 Bg7 3. d4 Nf6 4. g3 O-O 5. Bg2 Re8 6. Nf3 d6 7. O-O Bd7 8. h3
Qc8 9. Kh2 Nc6 10. d5 Nd8 11. Nd4 a6 12. Rb1 e5 13. Nf3 Rb8 14. Nd2 Bf5 15. e4
Bd7 16. b4 b5 17. c5 dxc5 18. bxc5 Re7 19. c6 Be8 20. Ba3 Bf8 21. Nf3 b4 22.
Bxb4 Rxb4 23. Rxb4 Nh5 24. Qb3 Bxc6 25. Rb8 Qd7 26. Rxd8 Qxd8 27. dxc6 Qd6 28.
Nd5 Re8 29. Qb7 Nf6 30. Nxf6+ Qxf6 31. Qxc7 Re7 32. Qb6 Qd6 33. Qxa6 Rc7 34.
Rc1 Bh6 35. Rc4 Kg7 36. Qb5 f6 37. a4 Qf8 38. Nxe5 fxe5 39. Qxe5+ 1-0

[Event "Accession A 2015/2016"]
[Site "Vitrolles"]
[Date "2016.04.23"]
[Round "9"]
[White "Nguyen, Patrick"]
[Black "Mars, Theo"]
[Result "0-1"]
[WhiteElo "1594"]
[BlackElo "1651"]
[PlyCount "30"]

1. e4 c6 2. d4 d5 3. f3 g6 4. c3 Bg7 5. Be3 Qb6 6. Qd2 dxe4 7. fxe4 Nf6 8. Bd3
Ng4 9. Bf4 e5 10. dxe5 Bxe5 11. Nh3 O-O 12. Na3 Bxf4 13. Nxf4 Nxh2 14. Rxh2
Qg1+ 15. Ke2 Bg4# 0-1

[Event "Accession A 2015/2016"]
[Site "Vitrolles"]
[Date "2016.04.23"]
[Round "9"]
[White "Urcun, Gael"]
[Black "Madranges, Jean"]
[Result "1-0"]
[WhiteElo "1692"]
[BlackElo "1797"]
[PlyCount "51"]

1. e4 c5 2. Nc3 g6 3. g3 Bg7 4. Bg2 Nc6 5. d3 d6 6. Be3 Rb8 7. Qd2 b5 8. f4 b4
9. Nd1 Bg4 10. Nf3 Bxf3 11. Bxf3 Nd4 12. Bg2 e5 13. fxe5 Bxe5 14. O-O Nf6 15.
Bg5 h6 16. Bxf6 Bxf6 17. Qf2 Nxc2 18. Qxc2 Bd4+ 19. Kh1 h5 20. Qa4+ Kf8 21.
Qxa7 f6 22. e5 Bxe5 23. Bd5 Qe8 24. Ne3 Bxb2 25. Rae1 Be5 26. Nc4 1-0

[Event "Accession A 2015/2016"]
[Site "Vitrolles"]
[Date "2016.04.23"]
[Round "9"]
[White "Scamaroni, Jean-Paul"]
[Black "Estevez, Ange"]
[Result "1/2-1/2"]
[WhiteElo "1607"]
[BlackElo "1511"]
[PlyCount "113"]

1. d4 e5 2. dxe5 Nc6 3. Nf3 h6 4. b3 g5 5. Bb2 Bg7 6. h3 d6 7. e3 Be6 8. Bb5
Nge7 9. Nbd2 dxe5 10. Bxe5 Bxe5 11. Nxe5 Qd5 12. Bxc6+ Nxc6 13. Nef3 O-O-O 14.
a3 f5 15. Qe2 g4 16. hxg4 fxg4 17. Nh4 Qe5 18. O-O Qg5 19. g3 Qa5 20. b4 Qb6
21. Nb3 Ne5 22. Rfd1 h5 23. Rxd8+ Rxd8 24. Rd1 Rxd1+ 25. Qxd1 Bxb3 26. cxb3 Qd6
27. Qxd6 cxd6 28. Nf5 Kd7 29. Ng7 Nf3+ 30. Kf1 Nd2+ 31. Ke2 Nxb3 32. Nxh5 Ke6
33. Kd3 a5 34. Kc3 a4 35. Nf4+ Ke5 36. Kd3 b5 37. Ne2 Kd5 38. Nc3+ Kc6 39. Ke4
Nd2+ 40. Kf4 Nc4 41. Nb1 Ne5 42. e4 Kd7 43. Nc3 Kc6 44. Ke3 Nc4+ {(=)} 45. Kf4
Nxa3 46. Kxg4 Nc2 47. f4 Nxb4 48. f5 a3 49. f6 Kd7 50. Kg5 Nd3 51. Kg6 Ne5+ 52.
Kg7 Ke6 53. Na2 Nf7 54. Nb4 Ne5 55. g4 Nf7 56. Na2 Ng5 57. Nb4 1/2-1/2

[Event "Accession A 2015/2016"]
[Site "Vitrolles"]
[Date "2016.04.23"]
[Round "9"]
[White "Kizil, Yilmaz"]
[Black "Sempe, Pierre"]
[Result "1-0"]
[WhiteElo "1816"]
[BlackElo "1742"]
[PlyCount "81"]

1. e4 e5 2. Nf3 Nc6 3. Bc4 Bc5 4. c3 Nf6 5. d4 exd4 6. cxd4 Bb4+ 7. Nc3 Nxe4 8.
O-O Nxc3 9. bxc3 Be7 10. d5 Na5 11. d6 cxd6 12. Bxf7+ Kxf7 13. Qd5+ Kf8 14. Ng5
Bxg5 15. Bxg5 Qe8 16. Rfe1 Qf7 17. Qxa5 b6 18. Qb4 Kg8 19. Qe4 d5 20. Qe8+ Qf8
21. Qh5 Bb7 22. Qg4 Bc6 23. Re7 Re8 24. Rae1 Rxe7 25. Rxe7 h6 26. Bh4 Kh7 27.
Qd4 Rg8 28. Qd3+ Kh8 29. Qd4 Qf5 30. h3 a5 31. Qxb6 Qf4 32. Bg3 Qc1+ 33. Kh2
Qxc3 34. Re3 Qd2 35. Qc7 d4 36. Re7 d3 37. Qd6 a4 38. Be5 Qg5 39. g4 d2 40. f4
Qxe7 41. Qxh6# 1-0